000 00360nam a2200133 4500
005 20260530113852.0
100 1 _aT.K. Derry & Trevor I. Williams
_931341
245 1 0 _aA Short History of Technology
264 1 _bOxford Paperbacks
_c1976
300 _a782 páginas
336 _atexto
_2rdacontent
337 _asin medio
_2rdamedia
338 _avolumen
_2rdacarrier
999 _c11493
_d11493